00453 2200181 4500001002100000005001500021008004100036020002200077035001900099041000700118082001000125090001600135100001600151245002300167260003200190300001800222650003100240INLIS00000000001630220241224115111241224||||||||| | ||| |||| || |  a978-602-8136-08-2 0010-1224016302 aid0 a641.4 a641.4 ADI p0 aRudi Aditia00aPengawetan Makanan aBandungbMitra Saranac2002 a50hlm;15x21cm 0aKesejahteraan Rumah Tangga